| 000 | 00632nam a2200181Ia 4500 | ||
|---|---|---|---|
| 008 | 090630s9999 xx 000 0 und d | ||
| 082 | _b19339 | ||
| 100 | _aगानू स्वाती. | ||
| 245 |
_aमेजवानी पक्वान्ने. _cगानू स्वाती. |
||
| 260 |
_bसंयम - पुणे. _c1999 |
||
| 300 | _a64 | ||
| 600 | _aगानू स्वाती. | ||
| 630 | _aमेजवानी पक्वान्ने. | ||
| 655 | _aइतर. | ||
| 700 | _aगानू स्वाती. | ||
| 730 | _aमेजवानी पक्वान्ने. | ||
| 942 | _cBOOK | ||
| 999 |
_c271195 _d271195 |
||